Όργανον της θεραπευτικής τέχνης
Saved in:
| Main Author: | |
|---|---|
| Format: | Book |
| Language: | Greek German |
| Published: |
Αθήνα :
Πύρινος Κόσμος,
2010
|
| Edition: | 2η βελτιωμένη έκδ. |
| Subjects: | |
| Tags: |
Add Tag
No Tags, Be the first to tag this record!
|
MARC
| LEADER | 00000nam a2200000 i 4500 | ||
|---|---|---|---|
| 001 | 1/12131 | ||
| 008 | 110225s2010 gre d | ||
| 020 | |a 978-960-430-350-2 | ||
| 035 | |l 10109670 | ||
| 040 | |a GR-MY-UA |b gre |e aacr | ||
| 041 | 1 | |a gre |h ger | |
| 082 | 0 | |a 615.532 |2 (22) | |
| 100 | 1 | |a Hahnemann, Samuel |d 1755-1843. | |
| 245 | 1 | 0 | |a Όργανον της θεραπευτικής τέχνης / |c Σαμουήλ Χάνεμαν ; μετάφραση: Γιώργος Παπαφιλίππου |
| 250 | |a 2η βελτιωμένη έκδ. | ||
| 260 | |a Αθήνα : |b Πύρινος Κόσμος, |c 2010 | ||
| 300 | |a 326 σ.; |c 21 εκ. | ||
| 500 | |a Τίτλος πρωτοτύπου: Organon der Heilkunst | ||
| 650 | 0 | 0 | |a Homeopathy. |
| 852 | |a INST |b SYROS |e 20110225 |h 615.532 HAH |p 005500009320 |q 005500009320 |t BK |y 0 | ||
| 901 | |a BIBL5-2011-1 | ||
| 909 | |a Ε |b 166929 | ||
| 922 | |a 5ΕΛΗ |b 201011 |c ΒΙΒΛΙΟΘΗΚΗ ΣΥΡΟΥ |d Π. ΙΩΑΝΝΙΔΟΥ | ||
| 970 | |a ΚΟΝΤΟΥ |b ΠΑΡΑΣΚΕΥΗ |z 2011/02/25 | ||